| 000 | 01269nam a22002177a 4500 | ||
|---|---|---|---|
| 999 |
_c58510 _d58510 |
||
| 003 | Ge_BSU | ||
| 005 | 20220511121557.0 | ||
| 008 | 220511s2021 ge ||||| |||| 00| 0 geo d | ||
| 020 | _a9789941493393 | ||
| 041 | _ageo | ||
| 080 | _a159.937(092) შ-19 | ||
| 245 |
_aშალვა ჩხარტიშვილი : [ფსიქოლოგი] : [მონოგრაფია] / _cრედაქტორი რამაზ საყვარელიძე ; თბილისის სახელმწიფო სამედიცინო უნივერსიტეტი, ფსიქოლოგიური განწყობის კვლევის და კორექციის ცენტრი. |
||
| 264 |
_aთბილისი : _bსაარი, _c2021. |
||
| 300 |
_a192 გვ. ; _b20 სმ. |
||
| 490 | _aგანწყობის ფსიქოლოგიის კლასიკოსები | ||
| 504 | _aბიბლიოგრაფია: გვ.185-192. | ||
| 653 | _aჩხარტიშვილი, შალვა, 1910-1978. | ||
| 653 | _aფსიქოლოგია | ||
| 700 |
_aსაყვარელიძე, რამაზ _eრედაქტორი _92792 |
||
| 942 |
_2udc _cBK |
||